[Event "SUI-ch U12"]
[Site "St Ursanne"]
[Date "2011.07.02"]
[Round "5"]
[White "Barnicol, Georges"]
[Black "Stahl, Gian Andri"]
[Result "1/2-1/2"]
[WhiteElo "1464"]
[BlackElo "1573"]
[PlyCount "99"]
[EventDate "2011.06.30"]
[EventType "swiss"]
[EventRounds "7"]
[EventCountry "SUI"]
[SourceTitle "EXT 2012"]
[Source "ChessBase"]
[SourceDate "2011.11.24"]
[SourceVersion "1"]
[SourceVersionDate "2011.11.24"]
[SourceQuality "1"]

1. e4 e5 2. Nf3 Nc6 3. Bb5 Nge7 4. 0-0 g6 5. c3 Bg7 6. d4 exd4 7. cxd4 0-0 8. Nc3 d6 9. h3 a6 10. Ba4 Na7 11. Bg5 h6 12. Bh4 c6 13. d5 c5 14. Kh1 Bd7 15. Bc2 f6 16. Nd2 Qc8 17. Kh2 Bb5 18. Re1 Qc7 19. f4 g5 20. fxg5 fxg5 21. Bg3 Ng6 22. a4 Bd7 23. Nc4 Ne5 24. Nxe5 Bxe5 25. Bxe5 dxe5 26. Qd3 b5 27. axb5 axb5 28. Qd2 b4 29. Ne2 Nb5 30. Rxa8 Rxa8 31. Rf1 Rf8 32. Rxf8+ Kxf8 33. Ng3 Nd4 34. Qf2+ Ke7 35. Nh5 Qd6 36. Bd1 Qg6 37. Qe3 Qf7 38. Qc1 Kd6 39. Qc4 Bb5 40. Qa2 Qb7 41. Nf6 Qa6 42. Qb1 Bd3 43. Qc1 c4 44. Qe3 Qa1 45. Qd2 Qa5 46. b3 Kc5 47. Nd7+ Kd6 48. Nf6 Kc5 49. Nd7+ Kd6 50. Nf6 1/2-1/2

[Event "SUI-ch U12"]
[Site "St Ursanne"]
[Date "2011.07.02"]
[Round "6"]
[White "Stahl, Gian Andri"]
[Black "Poun, Piknoreak"]
[Result "0-1"]
[WhiteElo "1573"]
[BlackElo "1654"]
[PlyCount "80"]
[EventDate "2011.06.30"]
[EventType "swiss"]
[EventRounds "7"]
[EventCountry "SUI"]
[SourceTitle "EXT 2012"]
[Source "ChessBase"]
[SourceDate "2011.11.24"]
[SourceVersion "1"]
[SourceVersionDate "2011.11.24"]
[SourceQuality "1"]

1. e4 e6 2. Nc3 d5 3. exd5 exd5 4. d3 Nf6 5. Bg5 Be7 6. Nf3 0-0 7. h3 c6 8. Be2 h6 9. Bh4 Bf5 10. 0-0 d4 11. Nb1 c5 12. Nbd2 Nc6 13. Nc4 Qc7 14. Bg3 Qd8 15. Nfe5 Nxe5 16. Nxe5 Bd6 17. Nc4 Bxg3 18. fxg3 Be6 19. Nd2 Nd5 20. Qc1 Ne3 21. Rf2 Bd5 22. Bf3 Bxf3 23. gxf3 Qg5 24. Kh2 Rfe8 25. Nf1 Re7 26. Nxe3 Rxe3 27. Qg1 Rae8 28. Raf1 Qd5 29. b3 b5 30. Qg2 c4 31. Rd1 cxd3 32. Rxd3 Rxd3 33. cxd3 Re3 34. Qf1 Qf5 35. f4 Rxd3 36. Qb1 g6 37. Rf1 Rd2+ 38. Kg1 Qxh3 39. Rf2 Qxg3+ 40. Kh1 Qxf2 0-1